000 00639nam a22002057a 4500
999 _c13787
_d13787
003 AR-CdUCM
008 190416b ||||| |||| 00| 0 spa d
040 _aMUNICIPALIDAD PROVINCIAL DEL CUSCO
_cBIBLIOTECA MUNICIPAL DEL CUSCO
082 _a869.56 /
_bM91 / 1956
100 _aMostajo, Francisco
_97701
245 _aSan Gil de Cayma :
_bLeyenda folkórica arequipeña /
260 _aArequipa :
_bColmena,
_c1956.
300 _a74 ,cxlii paginas ;
_c19 cm.
505 _aContenido :Leyendas /
650 _aFolclore
_93233
650 _aLeyendas
_92226
650 _aSiglo XX
_98
942 _2ddc
_cLIBROS
945 _arjall
_d2019-04-16